[Event "Gujarat op 2nd"]
[Site "Ahmedabad"]
[Date "2019.09.27"]
[Round "8"]
[White "Saranya, Y."]
[Black "Gandhi, Anish"]
[Result "1-0"]
[WhiteElo "1974"]
[BlackElo "2201"]
[PlyCount "91"]
[EventDate "2019.09.22"]
[EventType "swiss"]
[EventRounds "10"]
[EventCountry "IND"]
[SourceTitle "EXT 2020"]
[Source "ChessBase"]
[SourceDate "2019.10.17"]
[SourceVersion "1"]
[SourceVersionDate "2019.10.17"]
[SourceQuality "1"]

1. e4 c5 2. Nf3 d6 3. d4 cxd4 4. Nxd4 Nf6 5. Nc3 a6 6. g3 e5 7. Nde2 Be7 8. Bg2 0-0 9. 0-0 Be6 10. h3 b5 11. g4 Nbd7 12. Nd5 Bxd5 13. exd5 Nc5 14. f4 Nfd7 15. Be3 Rc8 16. b3 Re8 17. fxe5 Nxe5 18. Qd2 g6 19. Nd4 Bf6 20. Rae1 Bg7 21. Qf2 Qc7 22. Nc6 Ncd7 23. Bd4 Ra8 24. c4 f6 25. Qc2 bxc4 26. bxc4 Bh6 27. Be4 Kg7 28. Re2 Nc5 29. Bg2 Bg5 30. Bxc5 dxc5 31. Nxe5 fxe5 32. d6 Qxd6 33. Rd1 Qe7 34. Bxa8 Rxa8 35. Qe4 Re8 36. Qc6 Kh6 37. Rd7 Qf8 38. Qc7 Qh8 39. Kg2 e4 40. Rd5 Qc3 41. Rf2 e3 42. h4 Be7 43. Qf4+ Kg7 44. Qf7+ Kh6 45. g5+ Kh5 46. Qf3+ 1-0

[Event "IND-ch (Women) 46th"]
[Site "Managiri"]
[Date "2019.07.22"]
[Round "5"]
[White "Saranya, Y."]
[Black "Nandhidhaa, PV."]
[Result "0-1"]
[WhiteElo "1959"]
[BlackElo "2259"]
[PlyCount "213"]
[EventDate "2019.07.19"]
[EventType "swiss"]
[EventRounds "11"]
[EventCountry "IND"]
[SourceTitle "EXT 2020"]
[Source "ChessBase"]
[SourceDate "2019.10.17"]
[SourceVersion "1"]
[SourceVersionDate "2019.10.17"]
[SourceQuality "1"]

1. e4 c5 2. Nf3 e6 3. g3 Nc6 4. Bg2 Nf6 5. Qe2 d5 6. exd5 Nxd5 7. 0-0 Be7 8. Rd1 Qb6 9. Nc3 0-0 10. a3 Nf6 11. d3 Nd4 12. Nxd4 cxd4 13. Ne4 Bd7 14. c4 dxc3 15. bxc3 Nxe4 16. Bxe4 Bc6 17. Bf4 Rac8 18. c4 Rfd8 19. a4 Bf6 20. Rab1 Qa6 21. Bxc6 Rxc6 22. Be5 Bxe5 23. Qxe5 Qxa4 24. Ra1 Qc2 25. Rac1 Qa4 26. Ra1 Qb4 27. Rdb1 Qd2 28. Rd1 Qc2 29. Rac1 Qb3 30. Rb1 Qa3 31. Rxb7 Rxc4 32. Qh5 g6 33. Qf3 Rf8 34. Rxa7 Qc3 35. Rd7 Rc7 36. Rxc7 Qxc7 37. Rb1 Rd8 38. Rb7 Rxd3 39. Rxc7 Rxf3 40. h4 Kg7 41. Kg2 Rd3 42. Rb7 e5 43. Ra7 Kf6 44. Ra6+ Kf5 45. Ra4 h5 46. Ra5 f6 47. Ra8 Rd2 48. Re8 Rd6 49. Ra8 Rd2 50. Re8 e4 51. Re7 Rd5 52. Re8 Ra5 53. Re7 Re5 54. Rg7 e3 55. fxe3 Rxe3 56. Rg8 Ra3 57. Rb8 Ra4 58. Rb6 Ke5 59. Rb5+ Ke4 60. Rb6 Ra2+ 61. Kg1 Kf5 62. Rb4 Re2 63. Rf4+ Ke5 64. Ra4 Rd2 65. Ra6 Rd6 66. Ra4 Rd2 67. Ra6 Kf5 68. Kf1 Ke5 69. Rb6 Rd6 70. Rb4 Rd4 71. Rb6 Rg4 72. Kf2 f5 73. Rb5+ Ke4 74. Rb4+ Kd5 75. Rb6 f4 76. gxf4 Ke4 77. Rb4+ Kf5 78. Kf3 Rxh4 79. Rb5+ Kf6 80. Kg3 Rg4+ 81. Kf3 Rg1 82. Rb2 Rf1+ 83. Kg3 Rd1 84. Rb5 Rd3+ 85. Kg2 Ke6 86. Rg5 Kf6 87. Rb5 Rc3 88. Ra5 Rb3 89. Rc5 Kg7 90. Ra5 Kf6 91. Rc5 h4 92. Rg5 Ra3 93. Rb5 Rg3+ 94. Kf2 Rg4 95. Kf3 Rg1 96. Rb2 Rg3+ 97. Ke4 h3 98. Rb8 Kg7 99. Rb2 Kh6 100. Rb8 Kg7 101. Rb2 Ra3 102. Ke5 Kh6 103. f5 g5 104. f6 Rf3 105. Rb8 g4 106. Rh8+ Kg5 107. Ke6 0-1

[Event "India rating op"]
[Site "India"]
[Date "2019.02.03"]
[Round "4"]
[White "Saranya, Y."]
[Black "Bhambure, Shantanu"]
[Result "0-1"]
[WhiteElo "1857"]
[BlackElo "2259"]
[PlyCount "110"]
[EventDate "2019.02.03"]
[EventType "swiss"]
[EventRounds "11"]
[EventCountry "IND"]
[SourceTitle "EXT 2021"]
[Source "ChessBase"]
[SourceDate "2020.10.23"]
[SourceVersion "1"]
[SourceVersionDate "2020.10.23"]
[SourceQuality "1"]

1. e4 c5 2. Nf3 d6 3. d4 cxd4 4. Nxd4 Nf6 5. Nc3 a6 6. g3 e5 7. Nde2 Be7 8. Bg2 Be6 9. 0-0 Nbd7 10. a4 0-0 11. h3 Rc8 12. g4 h6 13. Ng3 Qc7 14. Kh2 Rfe8 15. f4 exf4 16. Bxf4 Ne5 17. Nf5 Nfd7 18. Qe2 Bf8 19. Qf2 Qb6 20. Qxb6 Nxb6 21. Rf2 Nbc4 22. Nd1 Kh7 23. c3 g6 24. Nfe3 Bg7 25. Bf1 Red8 26. Nd5 Bxd5 27. exd5 Kg8 28. Rc1 Nb6 29. Ne3 Nxa4 30. c4 Nc5 31. Rd2 Nb3 32. Rdc2 Nxc1 33. Rxc1 b5 34. b3 bxc4 35. Nxc4 Nxc4 36. Bxc4 a5 37. Kg2 Rc7 38. Be3 Rdc8 39. Bb6 Rb7 40. Bxa5 Rxb3 41. Bxb3 Rxc1 42. Kf2 Be5 43. Ke2 Rh1 44. Bd2 Rxh3 45. Bd1 Kg7 46. Kf2 Rd3 47. Ke2 Rxd5 48. Bb3 Rd4 49. Be3 Rxg4 50. Kf3 h5 51. Bd1 Rg3+ 52. Kf2 h4 53. Bf3 h3 54. Bh1 h2 55. Bd4 Rg1 0-1

[Event "Kalyan op 2nd"]
[Site "Kalyan"]
[Date "2019.02.01"]
[Round "7"]
[White "Saranya, Y."]
[Black "Midilesh, MS."]
[Result "1-0"]
[WhiteElo "1961"]
[BlackElo "1558"]
[PlyCount "81"]
[EventDate "2019.01.29"]
[EventType "swiss"]
[EventRounds "10"]
[EventCountry "IND"]
[SourceTitle "CBM 188 Extra"]
[Source "ChessBase"]
[SourceDate "2019.02.26"]
[SourceVersion "1"]
[SourceVersionDate "2019.02.26"]
[SourceQuality "1"]

1. e4 c5 2. Nf3 e6 3. d3 a6 4. g3 b5 5. Bg2 Bb7 6. Nbd2 d6 7. 0-0 Nd7 8. c3 Ngf6 9. Re1 Be7 10. d4 cxd4 11. cxd4 e5 12. b3 Qb6 13. Bb2 0-0 14. Qe2 exd4 15. Bxd4 Qa5 16. a3 Rad8 17. Nh4 Rfe8 18. Rec1 Bf8 19. b4 Qa4 20. Qe1 Rc8 21. Bf3 Rc2 22. Nf5 Rec8 23. Rcb1 Ne5 24. Bxe5 dxe5 25. Bd1 Rd8 26. Ne3 Rdxd2 27. Nxc2 Rxc2 28. f3 g6 29. Qe3 Kg7 30. Qd3 Bc8 31. Bxc2 Qxc2 32. Qxc2 Be6 33. Qc3 Nd7 34. Rd1 f6 35. Qc7 Be7 36. Rxd7 Bxd7 37. Qxd7 Kf7 38. Rc1 h5 39. Rc7 Kg8 40. Qxe7 h4 41. Qg7# 1-0

[Event "IND-ch (Women) 45th"]
[Site "Jaipur"]
[Date "2018.11.24"]
[Round "9"]
[White "Vantika, Agrawal"]
[Black "Saranya, Y."]
[Result "1/2-1/2"]
[WhiteElo "2210"]
[BlackElo "1898"]
[PlyCount "67"]
[EventDate "2018.11.18"]
[EventType "swiss"]
[EventRounds "11"]
[EventCountry "IND"]
[SourceTitle "CBM 187 Extra"]
[Source "ChessBase"]
[SourceDate "2018.11.04"]
[SourceVersion "1"]
[SourceVersionDate "2018.11.04"]
[SourceQuality "1"]

1. Nf3 Nf6 2. g3 b6 3. Bg2 Bb7 4. 0-0 e6 5. c4 Be7 6. d4 0-0 7. Nc3 Ne4 8. Qc2 Nxc3 9. Qxc3 f5 10. b4 Bf6 11. Bf4 d6 12. c5 bxc5 13. bxc5 Bd5 14. cxd6 cxd6 15. Qa3 Be7 16. Ne1 Bxg2 17. Nxg2 d5 18. Qc3 g5 19. Bd2 Nd7 20. Qe3 Kf7 21. Ne1 h6 22. Nd3 Bf6 23. Bb4 Re8 24. Rac1 Rc8 25. Ne5+ Bxe5 26. dxe5 Qb6 27. Qa3 Nxe5 28. Bc5 Qb7 29. Rb1 Qd7 30. Rfd1 Nc4 31. Qb4 Rc7 32. Bd4 Qc6 33. Ba1 e5 34. Qb3 1/2-1/2

[Event "Gujarat op 1st"]
[Site "Ahmedabad"]
[Date "2018.10.05"]
[Round "1"]
[White "Saranya, Y."]
[Black "Konguvel, Ponnuswamy"]
[Result "0-1"]
[WhiteElo "1879"]
[BlackElo "2325"]
[PlyCount "66"]
[EventDate "2018.10.05"]
[EventType "swiss"]
[EventRounds "10"]
[EventCountry "IND"]
[SourceTitle "CBM 186 Extra"]
[Source "ChessBase"]
[SourceDate "2018.08.24"]
[SourceVersion "1"]
[SourceVersionDate "2018.08.24"]
[SourceQuality "1"]

1. e4 c5 2. Nf3 e6 3. g3 Nc6 4. Bg2 Nf6 5. Qe2 d6 6. 0-0 Be7 7. Rd1 0-0 8. d4 cxd4 9. Nxd4 Nxd4 10. Rxd4 Qb6 11. Rd1 Bd7 12. c4 Rac8 13. b3 a6 14. Be3 Qc7 15. a4 Bc6 16. Nc3 b6 17. c5 bxc5 18. Qxa6 Ra8 19. Qc4 Qb7 20. Bg5 Rfd8 21. Bxf6 Bxf6 22. Rac1 Rab8 23. Nb5 Bxb5 24. Qxb5 Qxb5 25. axb5 Rxb5 26. Rd3 Bd4 27. Bf1 Rb6 28. Rc4 Rdb8 29. Ra4 Kf8 30. Ra3 Ke7 31. Be2 Bb2 32. Ra7+ R8b7 33. Rf3 Rxa7 0-1

[Event "IND-chT (Women) 16th"]
[Site "Bhubaneswar"]
[Date "2018.02.09"]
[Round "2.1"]
[White "Saranya, Y."]
[Black "Soumya, Swaminathan"]
[Result "0-1"]
[WhiteElo "1966"]
[BlackElo "2349"]
[PlyCount "58"]
[EventDate "2018.02.08"]
[EventType "team-swiss"]
[EventRounds "7"]
[EventCountry "IND"]
[SourceTitle "CBM 182 Extra"]
[Source "ChessBase"]
[SourceDate "2018.02.23"]
[SourceVersion "1"]
[SourceVersionDate "2018.02.23"]
[SourceQuality "1"]
[WhiteTeam "Tamil Nadu (W)"]
[BlackTeam "Petroleum Sports (W)"]
[WhiteTeamCountry "IND"]
[BlackTeamCountry "IND"]

1. e4 c5 2. Nf3 Nc6 3. d4 cxd4 4. Nxd4 Nf6 5. Nc3 d6 6. Bc4 e6 7. Be3 a6 8. Qe2 Qc7 9. Bb3 Na5 10. g4 b5 11. g5 Nd7 12. f4 Nc5 13. f5 Naxb3 14. axb3 b4 15. Na4 Nxe4 16. fxe6 fxe6 17. g6 hxg6 18. 0-0-0 d5 19. Qg4 g5 20. Nf3 e5 21. Qg2 Be6 22. Nxg5 Nxg5 23. Bxg5 Rc8 24. Rhe1 Bd6 25. Be3 d4 26. Bxd4 Bxb3 27. Bb6 Qxc2+ 28. Qxc2 Rxc2+ 29. Kb1 Rc6 0-1

[Event "IND-chT (Women) 15th"]
[Site "Bhopal"]
[Date "2017.02.07"]
[Round "6.4"]
[White "Varshini, Veileven"]
[Black "Saranya, Y."]
[Result "1-0"]
[WhiteElo "2047"]
[BlackElo "1883"]
[PlyCount "99"]
[EventDate "2017.02.02"]
[EventType "team-swiss"]
[EventRounds "7"]
[EventCountry "IND"]
[SourceTitle "CBM 176 Extra"]
[Source "ChessBase"]
[SourceDate "2017.03.02"]
[SourceVersion "1"]
[SourceVersionDate "2017.03.02"]
[SourceQuality "1"]
[WhiteTeam "Airports Authority"]
[BlackTeam "Tamil Nadu (W)"]
[WhiteTeamCountry "IND"]
[BlackTeamCountry "IND"]

1. e4 d5 2. exd5 Nf6 3. Nf3 Bg4 4. Be2 Qxd5 5. d4 Nc6 6. 0-0 0-0-0 7. Be3 Qf5 8. c4 e5 9. d5 e4 10. Ng5 Ne5 11. f3 exf3 12. Nxf3 Qh5 13. Nc3 Bd6 14. Nxe5 Bxe2 15. Qxe2 Qxe5 16. Bf4 Qd4+ 17. Qe3 Qxe3+ 18. Bxe3 Ng4 19. Bxa7 b6 20. h3 Ne5 21. Nb5 Kb7 22. Rac1 Bc5+ 23. Kh1 Ra8 24. Rce1 f6 25. a3 Rxa7 26. Nxa7 Kxa7 27. b4 Bd4 28. Re4 Bb2 29. Rb1 Bc3 30. Rc1 Bd2 31. Rd1 Bh6 32. c5 Rd8 33. g3 Rb8 34. d6 Rd8 35. Kg2 Kb7 36. Re2 bxc5 37. bxc5 cxd6 38. cxd6 Kc6 39. Rc2+ Kd7 40. Rc7+ Ke8 41. a4 Nf7 42. d7+ Ke7 43. a5 Ne5 44. a6 Be3 45. a7 Bb6 46. a8Q Bxc7 47. Qe4 h6 48. Qc2 Rxd7 49. Rxd7+ Nxd7 50. Qxc7 1-0

[Event "IND-chT (Women) 15th"]
[Site "Bhopal"]
[Date "2017.02.03"]
[Round "2.4"]
[White "Saranya, Y."]
[Black "Michelle, Catherina P"]
[Result "1/2-1/2"]
[WhiteElo "1883"]
[BlackElo "2212"]
[PlyCount "132"]
[EventDate "2017.02.02"]
[EventType "team-swiss"]
[EventRounds "7"]
[EventCountry "IND"]
[SourceTitle "CBM 176 Extra"]
[Source "ChessBase"]
[SourceDate "2017.03.02"]
[SourceVersion "1"]
[SourceVersionDate "2017.03.02"]
[SourceQuality "1"]
[WhiteTeam "Tamil Nadu (W)"]
[BlackTeam "Air India (W)"]
[WhiteTeamCountry "IND"]
[BlackTeamCountry "IND"]

1. e4 e5 2. Nf3 Nc6 3. d4 exd4 4. Nxd4 Nf6 5. Nxc6 bxc6 6. Nc3 Bb4 7. Bd3 0-0 8. 0-0 d5 9. exd5 cxd5 10. Bg5 c6 11. Qf3 Bd6 12. h3 Rb8 13. Rab1 h6 14. Bd2 Nd7 15. Bf4 Qf6 16. Bxd6 Qxd6 17. Rfe1 Nc5 18. a3 a5 19. Qe2 Be6 20. Qd2 Rb6 21. a4 Nxd3 22. Qxd3 Qf4 23. b3 Bf5 24. Qd1 Qg5 25. Kf1 Rb4 26. Ne2 Re8 27. Ng3 Rxe1+ 28. Kxe1 Bg6 29. Qd2 Qf6 30. Rd1 Qb2 31. Rc1 Rd4 32. Qe3 c5 33. Ne2 Re4 34. Qd2 Bh5 35. f3 Re8 36. Kf2 Qf6 37. Nf4 Qg5 38. Rd1 d4 39. Nxh5 Qxh5 40. Qxa5 Qf5 41. Qd2 Re3 42. Re1 Rc3 43. Re2 Qf6 44. a5 Qa6 45. b4 cxb4 46. Qxd4 Qxa5 47. Qe4 Qc5+ 48. Kf1 Ra3 49. Qe8+ Kh7 50. Qe5 Qa7 51. Qf5+ g6 52. Qe4 Ra1+ 53. Re1 Qa6+ 54. Qe2 Rxe1+ 55. Kxe1 Qa1+ 56. Kf2 Qc3 57. g4 Kg7 58. Kg3 Qf6 59. Kg2 h5 60. gxh5 gxh5 61. h4 Qd4 62. Kh3 Qf6 63. Qd2 Qe6+ 64. Kg3 Qe5+ 65. Kh3 Qc5 66. Kg2 Qe7 1/2-1/2

[Event "IND-ch Challengers (Women) 43rd"]
[Site "Chennai"]
[Date "2016.06.18"]
[Round "3"]
[White "Saranya, Y."]
[Black "Rathi, Dhanashree"]
[Result "1/2-1/2"]
[WhiteElo "1837"]
[BlackElo "1548"]
[PlyCount "152"]
[EventDate "2016.06.17"]
[EventType "swiss"]
[EventRounds "11"]
[EventCountry "IND"]
[SourceTitle "CBM 173 Extra"]
[Source "ChessBase"]
[SourceDate "2016.08.29"]
[SourceVersion "1"]
[SourceVersionDate "2016.08.29"]
[SourceQuality "1"]

1. e4 c5 2. Nf3 e6 3. d4 cxd4 4. Nxd4 Nc6 5. Nc3 a6 6. a4 Qc7 7. Nb3 Nf6 8. Bd3 Be7 9. 0-0 0-0 10. f4 d6 11. Be3 b6 12. Qe2 Bb7 13. h3 Nb4 14. Qf2 Nd7 15. Na2 Nxa2 16. Rxa2 d5 17. e5 Nc5 18. Nxc5 Bxc5 19. Kh1 Bxe3 20. Qxe3 f5 21. exf6 Rxf6 22. Ra3 Raf8 23. Re1 Qd6 24. Qe5 Qxe5 25. Rxe5 Rxf4 26. Rxe6 R4f6 27. Rxf6 Rxf6 28. Rc3 g6 29. Kg1 Rc6 30. Ra3 Kf7 31. Ra1 Ke7 32. Re1+ Re6 33. Rf1 Re5 34. Kf2 Kd6 35. Be2 Kc5 36. Bf3 b5 37. axb5 axb5 38. h4 h6 39. Kg3 Bc6 40. Ra1 Bb7 41. c3 Kb6 42. Kf4 Rf5+ 43. Ke3 Kc5 44. g4 Re5+ 45. Kf4 Kd6 46. Ra7 Re7 47. g5 Rf7+ 48. Kg3 hxg5 49. hxg5 Re7 50. Bg4 Bc6 51. Rxe7 Kxe7 52. Kf4 Kd6 53. Be2 Bd7 54. Bd3 Be8 55. Ke3 Ke5 56. b4 Ke6 57. Kd4 Kd6 58. Bf1 Bd7 59. Be2 Bc6 60. Bf1 Bd7 61. Bd3 Be8 62. Bc2 Bf7 63. Bd1 Be8 64. Bg4 Bf7 65. Bh3 Be8 66. Bg2 Bc6 67. Bf1 Bd7 68. Be2 Bc6 69. Bf3 Bb7 70. Bg2 Bc6 71. Bf1 Bd7 72. Ke3 Ke5 73. Bd3 Be8 74. Bc2 Bf7 75. Bd3 Be8 76. Bc2 Bf7 1/2-1/2

[Event "IND-ch Challengers (Women) 43rd"]
[Site "Chennai"]
[Date "2016.06.17"]
[Round "1"]
[White "Saranya, Y."]
[Black "Pranjali, Sharma"]
[Result "1-0"]
[WhiteElo "1837"]
[BlackElo "1048"]
[PlyCount "79"]
[EventDate "2016.06.17"]
[EventType "swiss"]
[EventRounds "11"]
[EventCountry "IND"]
[SourceTitle "CBM 173 Extra"]
[Source "ChessBase"]
[SourceDate "2016.08.29"]
[SourceVersion "1"]
[SourceVersionDate "2016.08.29"]
[SourceQuality "1"]

1. e4 e5 2. Nf3 Nc6 3. d4 exd4 4. Nxd4 Bc5 5. Nxc6 bxc6 6. Bd3 d6 7. 0-0 Nf6 8. Nc3 a6 9. Qf3 Bb7 10. Qg3 Qe7 11. Bd2 0-0-0 12. Rae1 Rde8 13. a3 h6 14. b4 Bd4 15. Nd1 g5 16. Qf3 g4 17. Qe2 h5 18. c3 Bb6 19. Bxa6 Qxe4 20. Be3 Nd5 21. Bxb6 Qxe2 22. Bxe2 cxb6 23. g3 f5 24. Bd3 Ne7 25. Ne3 c5 26. Nxf5 Nxf5 27. Bxf5+ Kc7 28. Bg6 Ref8 29. Re7+ Kb8 30. Rfe1 Bc6 31. bxc5 dxc5 32. Rb1 Rf6 33. Rxb6+ Kc8 34. Be4 Rhh6 35. Rxc6+ Rxc6 36. Bxc6 Rxc6 37. Rh7 Ra6 38. Rxh5 Rxa3 39. Rxc5+ Kd7 40. Rc4 1-0

[Event "IND-ch U25 Girls 5th"]
[Site "Bhubaneswar"]
[Date "2015.12.14"]
[Round "7"]
[White "Mitali, Madhukar Patil"]
[Black "Saranya, Y."]
[Result "0-1"]
[WhiteElo "1967"]
[BlackElo "1827"]
[PlyCount "108"]
[EventDate "2015.12.10"]
[EventType "swiss"]
[EventRounds "8"]
[EventCountry "IND"]
[SourceTitle "CBM 169 Extra"]
[Source "ChessBase"]
[SourceDate "2015.12.18"]
[SourceVersion "1"]
[SourceVersionDate "2015.12.18"]
[SourceQuality "1"]

1. e4 d5 2. exd5 Nf6 3. Nf3 Bg4 4. Bb5+ Nbd7 5. c4 e6 6. Bxd7+ Qxd7 7. Ne5 Bxd1 8. Nxd7 Kxd7 9. dxe6+ Kxe6 10. Kxd1 Ng4 11. Ke2 Bc5 12. f3 Ne5 13. b3 Bd4 14. Nc3 Rhe8 15. Ba3 Kf5 16. Kd1 Bxc3 17. dxc3 Rad8+ 18. Kc2 Nd3 19. Rad1 Re2+ 20. Kb1 Rxg2 21. Rdg1 Rxg1+ 22. Rxg1 g6 23. Rd1 Rd7 24. Kc2 Ne5 25. Rxd7 Nxd7 26. Kd3 c5 27. Ke3 g5 28. Bc1 Ne5 29. h3 h5 30. Ke2 f6 31. Be3 b6 32. a4 Nd7 33. b4 Ke6 34. Bf2 f5 35. h4 g4 36. fxg4 fxg4 37. Ke3 Kf5 38. Ke2 Ke4 39. a5 Kf4 40. Be3+ Kg3 41. Bxc5 bxc5 42. b5 Nb8 43. a6 Kh2 44. b6 Nxa6 45. bxa7 Nc7 46. Kf2 g3+ 47. Kf3 g2 48. a8Q Nxa8 49. Kf4 g1Q 50. Ke4 Nc7 51. Kf5 Qg4+ 52. Ke5 Qe6+ 53. Kf4 Kh1 54. Kg3 Qe3# 0-1

[Event "IND-ch U25 Girls 5th"]
[Site "Bhubaneswar"]
[Date "2015.12.13"]
[Round "5"]
[White "Tarini, Goyal"]
[Black "Saranya, Y."]
[Result "1-0"]
[WhiteElo "1826"]
[BlackElo "1827"]
[PlyCount "55"]
[EventDate "2015.12.10"]
[EventType "swiss"]
[EventRounds "8"]
[EventCountry "IND"]
[SourceTitle "CBM 169 Extra"]
[Source "ChessBase"]
[SourceDate "2015.12.18"]
[SourceVersion "1"]
[SourceVersionDate "2015.12.18"]
[SourceQuality "1"]

1. d4 d5 2. c4 e6 3. Nf3 c6 4. e3 Nf6 5. b3 Nbd7 6. Bb2 Bb4+ 7. Nbd2 Qe7 8. a3 Bd6 9. Ne5 Bc7 10. f4 Ne4 11. Nxe4 dxe4 12. Qc2 f5 13. Nxd7 Bxd7 14. Be2 0-0 15. 0-0-0 b5 16. c5 a5 17. g4 a4 18. b4 Be8 19. gxf5 exf5 20. Rhg1 g6 21. d5 cxd5 22. Qc3 Kf7 23. Rxd5 Bc6 24. Rxf5+ Ke6 25. Rfg5 Rad8 26. f5+ Kd7 27. f6 Qf7 28. Bg4+ 1-0

[Event "Runwal Memorial op U15 Girls 29th"]
[Site "Mumbai"]
[Date "2012.09.23"]
[Round "6"]
[White "Saranya, Y."]
[Black "Smaraki, Mohanty"]
[Result "1/2-1/2"]
[WhiteElo "1836"]
[BlackElo "1771"]
[PlyCount "94"]
[EventDate "2012.09.18"]
[EventType "swiss"]
[EventRounds "11"]
[EventCountry "IND"]
[SourceTitle "EXT 2013"]
[Source "ChessBase"]
[SourceDate "2012.11.22"]
[SourceVersion "1"]
[SourceVersionDate "2012.11.22"]
[SourceQuality "1"]

1. e4 e6 2. d3 d5 3. Nd2 Nf6 4. g3 b6 5. Bg2 Bb7 6. c3 Nbd7 7. Qe2 dxe4 8. Nxe4 Nxe4 9. Bxe4 Bxe4 10. Qxe4 Be7 11. d4 c5 12. Nf3 Rc8 13. 0-0 cxd4 14. Nxd4 Nf6 15. Qb7 Qd7 16. Qxd7+ Nxd7 17. Rd1 Nf6 18. Bg5 Nd5 19. Be3 0-0 20. Rac1 Bc5 21. c4 Nxe3 22. fxe3 e5 23. Nc2 Rfd8 24. b3 f5 25. Kg2 g5 26. Kf3 Kf7 27. Ke2 Ke6 28. h3 h6 29. Rxd8 Rxd8 30. Rd1 Rxd1 31. Kxd1 h5 32. Ke2 a5 33. a3 Kf6 34. b4 axb4 35. axb4 Bd6 36. e4 g4 37. hxg4 hxg4 38. Ne3 f4 39. gxf4 exf4 40. Nxg4+ Kg5 41. Kf3 Bxb4 42. Nf2 Bd6 43. Nd3 Kf6 44. Kg4 Ke6 45. Kf3 Kf6 46. Ke2 Kg5 47. Kf3 Kf6 1/2-1/2